[Event "HUN-chT2 Asztalos 1819"]
[Site "Hungary"]
[Date "2018.10.28"]
[Round "1.8"]
[White "Gyugyi, Peter"]
[Black "Remenyi, Szilard"]
[Result "0-1"]
[WhiteElo "2002"]
[BlackElo "1909"]
[PlyCount "76"]
[EventDate "2018.10.28"]
[EventType "team-tourn"]
[EventRounds "9"]
[EventCountry "HUN"]
[SourceTitle "CBM 189 Extra"]
[Source "ChessBase"]
[SourceDate "2019.06.03"]
[SourceVersion "1"]
[SourceVersionDate "2019.06.03"]
[SourceQuality "1"]
[WhiteTeam "Nagyatad"]
[BlackTeam "Kiraly Sakk"]
[WhiteTeamCountry "HUN"]
[BlackTeamCountry "HUN"]

1. e4 c5 2. Nc3 Nc6 3. f4 d6 4. Nf3 g6 5. g3 Bg7 6. d3 e6 7. Bg2 Nge7 8. 0-0 Nd4 9. Ne2 Nec6 10. c3 Nxf3+ 11. Rxf3 0-0 12. Be3 b5 13. Rf1 b4 14. e5 Bb7 15. cxb4 cxb4 16. Rc1 d5 17. Bc5 Re8 18. Qa4 a5 19. Qb5 Qd7 20. Bd6 Rec8 21. Qa4 Nxe5 22. Rxc8+ Rxc8 23. Qxa5 Qxd6 24. fxe5 Qxe5 25. Qxb4 Qxb2 26. Qxb2 Bxb2 27. Rb1 Rc2 28. Bf1 Ba6 29. Nf4 Bd4+ 30. Kh1 Rxa2 31. Rd1 Ra1 32. Rxa1 Bxa1 33. Kg2 Kg7 34. Kf3 Kf6 35. g4 Be5 36. h4 Bxf4 37. Kxf4 e5+ 38. Kf3 e4+ 0-1

[Event "HUN-chT2 Toth 1718"]
[Site "Hungary"]
[Date "2018.03.04"]
[Round "9.4"]
[White "Gyugyi, Peter"]
[Black "Zalai, Mihaly"]
[Result "1/2-1/2"]
[WhiteElo "2010"]
[BlackElo "2129"]
[PlyCount "41"]
[EventDate "2017.09.24"]
[EventType "team-tourn"]
[EventRounds "11"]
[EventCountry "HUN"]
[SourceTitle "EXT 2021"]
[Source "ChessBase"]
[SourceDate "2020.10.23"]
[SourceVersion "1"]
[SourceVersionDate "2020.10.23"]
[SourceQuality "1"]
[WhiteTeam "Felegyhaza Csongrad"]
[BlackTeam "Oroshaza"]
[WhiteTeamCountry "HUN"]
[BlackTeamCountry "HUN"]

1. e4 c5 2. Nf3 Nc6 3. d4 cxd4 4. Nxd4 g6 5. c4 Bg7 6. Be3 Nf6 7. Nc3 d6 8. Be2 Bd7 9. 0-0 Nxd4 10. Bxd4 Bc6 11. f3 a5 12. Nd5 Bxd5 13. cxd5 0-0 14. Qd2 Nd7 15. Be3 Nc5 16. Rab1 Qb6 17. Rfc1 Rfc8 18. Bf1 Qb4 19. Qf2 a4 20. Rc4 Qa5 21. b4 1/2-1/2

[Event "HUN-chT2 Toth 1718"]
[Site "Hungary"]
[Date "2017.11.26"]
[Round "4.5"]
[White "Gyugyi, Peter"]
[Black "Tapodi, Norman Lajos"]
[Result "1/2-1/2"]
[WhiteElo "2010"]
[BlackElo "1869"]
[PlyCount "31"]
[EventDate "2017.09.24"]
[EventType "team-tourn"]
[EventRounds "11"]
[EventCountry "HUN"]
[SourceTitle "EXT 2021"]
[Source "ChessBase"]
[SourceDate "2020.10.23"]
[SourceVersion "1"]
[SourceVersionDate "2020.10.23"]
[SourceQuality "1"]
[WhiteTeam "Felegyhaza Csongrad"]
[BlackTeam "Szeged Meritum"]
[WhiteTeamCountry "HUN"]
[BlackTeamCountry "HUN"]

1. e4 e6 2. d4 d5 3. Nd2 c5 4. exd5 exd5 5. Ngf3 Nf6 6. Bb5+ Bd7 7. Bxd7+ Nbxd7 8. 0-0 Be7 9. dxc5 0-0 10. Re1 Nxc5 11. Nf1 Nce4 12. Be3 Qd7 13. c3 Rfd8 14. Bd4 Bc5 15. Ne3 a5 16. Bxc5 1/2-1/2

[Event "HUN-chT2 Toth 1718"]
[Site "Hungary"]
[Date "2017.10.08"]
[Round "2.5"]
[White "Gyugyi, Peter"]
[Black "Demeter, Dorina"]
[Result "0-1"]
[WhiteElo "2010"]
[BlackElo "1999"]
[PlyCount "79"]
[EventDate "2017.09.24"]
[EventType "team-tourn"]
[EventRounds "11"]
[EventCountry "HUN"]
[SourceTitle "EXT 2021"]
[Source "ChessBase"]
[SourceDate "2020.10.23"]
[SourceVersion "1"]
[SourceVersionDate "2020.10.23"]
[SourceQuality "1"]
[WhiteTeam "Felegyhaza Csongrad"]
[BlackTeam "Mako Duocor II"]
[WhiteTeamCountry "HUN"]
[BlackTeamCountry "HUN"]

1. e4 c5 2. Nf3 d6 3. d4 cxd4 4. Nxd4 Nf6 5. Nc3 g6 6. Bc4 Bg7 7. 0-0 Nc6 8. Re1 Ng4 9. Ne6 Bxe6 10. Bxe6 fxe6 11. Qxg4 Qd7 12. Qh3 Nd4 13. Qd3 0-0 14. Ne2 Qb5 15. Qxb5 Nxb5 16. c3 Nc7 17. Be3 b6 18. a4 Na6 19. Nf4 Nc5 20. Bxc5 Rxf4 21. g3 Rff8 22. Be3 Rab8 23. Kg2 Rfc8 24. Red1 Rc4 25. f3 a6 26. Kf2 b5 27. axb5 Rxb5 28. Ra2 a5 29. Ke2 a4 30. Kd3 d5 31. Rd2 Rb3 32. exd5 exd5 33. Kc2 Bxc3 34. bxc3 Rbxc3+ 35. Kd1 Rxe3 36. Rxd5 a3 37. f4 Rb3 38. Ra5 Rd3+ 39. Ke2 Rcc3 40. Rd5 0-1

[Event "HUN-chT2 Toth 1617"]
[Site "Hungary"]
[Date "2017.02.12"]
[Round "8.4"]
[White "Gyugyi, Peter"]
[Black "Pal, Imre"]
[Result "1-0"]
[WhiteElo "2022"]
[BlackElo "2125"]
[PlyCount "79"]
[EventDate "2016.09.25"]
[EventType "team-tourn"]
[EventRounds "11"]
[EventCountry "HUN"]
[SourceTitle "EXT 2021"]
[Source "ChessBase"]
[SourceDate "2020.10.23"]
[SourceVersion "1"]
[SourceVersionDate "2020.10.23"]
[SourceQuality "1"]
[WhiteTeam "Felegyhaza Csongrad"]
[BlackTeam "Kecskemet Toth Laszlo II"]
[WhiteTeamCountry "HUN"]
[BlackTeamCountry "HUN"]

1. e4 c5 2. Nf3 Nc6 3. Bb5 g6 4. 0-0 Bg7 5. Re1 a6 6. Bxc6 dxc6 7. h3 Nf6 8. Nc3 0-0 9. e5 Nd5 10. Ne4 b6 11. b3 Nc7 12. c3 Ne6 13. d4 cxd4 14. cxd4 Nc7 15. Qc2 Bb7 16. Bb2 Qd7 17. Rad1 Rac8 18. Neg5 Qd5 19. Qe2 a5 20. Ne4 Ba6 21. Qe3 Qd7 22. Nfg5 Nd5 23. Qg3 Qf5 24. Qh4 h6 25. g4 Qd7 26. Nf3 f5 27. e6 Qc7 28. Ng3 fxg4 29. Ne5 Kh7 30. hxg4 Bf6 31. Qh2 Kg7 32. Bc1 Bg5 33. Bxg5 hxg5 34. Nf7 Rh8 35. Nxh8 Rxh8 36. Qg2 Nf4 37. Qe4 Nh3+ 38. Kg2 Nxf2 39. Kxf2 Rh2+ 40. Kf3 1-0

[Event "HUN-chT2 Toth 1617"]
[Site "Hungary"]
[Date "2016.09.25"]
[Round "1.2"]
[White "Gyugyi, Peter"]
[Black "Horvath, Jozsef2222"]
[Result "1-0"]
[WhiteElo "2022"]
[BlackElo "2075"]
[PlyCount "81"]
[EventDate "2016.09.25"]
[EventType "team-tourn"]
[EventRounds "11"]
[EventCountry "HUN"]
[SourceTitle "EXT 2021"]
[Source "ChessBase"]
[SourceDate "2020.10.23"]
[SourceVersion "1"]
[SourceVersionDate "2020.10.23"]
[SourceQuality "1"]
[WhiteTeam "Felegyhaza Csongrad"]
[BlackTeam "Kecskemet Takisz"]
[WhiteTeamCountry "HUN"]
[BlackTeamCountry "HUN"]

1. e4 c5 2. Nf3 e6 3. d4 cxd4 4. Nxd4 a6 5. c4 Qc7 6. Nc3 Nf6 7. Be2 Bb4 8. Qd3 0-0 9. 0-0 Nc6 10. Bg5 Ne5 11. Qg3 Ne8 12. Bf4 d6 13. a3 Bxc3 14. Qxc3 Ng6 15. Be3 e5 16. Nc2 f5 17. exf5 Bxf5 18. Nb4 Kh8 19. Nd5 Qf7 20. Rad1 Rc8 21. Qb4 Be4 22. f4 Bxd5 23. fxe5 Qe7 24. Rxf8+ Qxf8 25. Rxd5 Qe7 26. Bg4 Rd8 27. Bb6 Ra8 28. exd6 Nxd6 29. Rxd6 Qg5 30. h3 h5 31. Rd5 Qc1+ 32. Rd1 Qg5 33. Bf3 Nf4 34. Qc5 Qg6 35. Qd6 Qg5 36. Kh2 Re8 37. Bf2 Kh7 38. Qc5 Re5 39. Qd4 Ne6 40. Qh4 Qf5 41. Bg3 1-0

[Event "HUN-chT2 Asztalos 1516"]
[Site "Hungary"]
[Date "2016.04.03"]
[Round "10.7"]
[White "Gyugyi, Peter"]
[Black "Konya, Attila Sr"]
[Result "1-0"]
[WhiteElo "1983"]
[BlackElo "1855"]
[PlyCount "87"]
[EventDate "2015.09.13"]
[EventType "team-tourn"]
[EventRounds "11"]
[EventCountry "HUN"]
[SourceTitle "EXT 2017"]
[Source "ChessBase"]
[SourceDate "2016.10.25"]
[SourceVersion "1"]
[SourceVersionDate "2016.10.25"]
[SourceQuality "1"]
[WhiteTeam "Nagyatad"]
[BlackTeam "Pecs Karmin"]
[WhiteTeamCountry "HUN"]
[BlackTeamCountry "HUN"]

1. e4 c5 2. Nf3 Nc6 3. Bb5 g6 4. 0-0 Bg7 5. Re1 Nf6 6. e5 Nd5 7. Nc3 Nc7 8. Bxc6 dxc6 9. Ne4 Ne6 10. d3 0-0 11. b3 b6 12. Bb2 Ba6 13. Neg5 Qd7 14. Qd2 Rad8 15. Nxe6 Qxe6 16. Qf4 h6 17. Qa4 Qc8 18. Rad1 Qb7 19. Ba1 Bb5 20. Qh4 a5 21. e6 Bxa1 22. Rxa1 Kg7 23. exf7 Rxf7 24. Ne5 Rd4 25. Re4 g5 26. Qh5 Rf6 27. Rae1 Rxe4 28. Rxe4 Qc8 29. Ng4 Re6 30. Nxh6 Rxe4 31. Qxg5+ Kh7 32. dxe4 Qh8 33. h4 Be2 34. Nf5 Qa1+ 35. Kh2 Qe5+ 36. f4 Qf6 37. Nxe7 Qe6 38. Nf5 Qf7 39. Qe7 Kg6 40. Qxf7+ Kxf7 41. Nd6+ Ke6 42. Nc4 Bxc4 43. bxc4 b5 44. g4 1-0

[Event "HUN-chT2 Asztalos 1415"]
[Site "Hungary"]
[Date "2014.11.30"]
[Round "3"]
[White "Gyugyi, Peter"]
[Black "Nagy, Balazs"]
[Result "0-1"]
[WhiteElo "2030"]
[BlackElo "1653"]
[PlyCount "52"]
[EventDate "2014.10.12"]
[EventType "team-tourn"]
[EventRounds "9"]
[EventCountry "HUN"]
[SourceTitle "EXT 2016"]
[Source "ChessBase"]
[SourceDate "2015.10.08"]
[SourceVersion "1"]
[SourceVersionDate "2015.10.08"]
[SourceQuality "1"]
[WhiteTeam "Nagyatad"]
[BlackTeam "Marcali"]
[WhiteTeamCountry "HUN"]
[BlackTeamCountry "HUN"]

1. e4 c6 2. d4 d5 3. Nd2 dxe4 4. Nxe4 Nd7 5. Bc4 e6 6. Bb3 Ngf6 7. Ng5 h6 8. N5f3 Bd6 9. Qe2 Qc7 10. Bd2 b5 11. Rc1 a5 12. a4 bxa4 13. Bxa4 Nb6 14. Bb3 a4 15. Ba2 Nbd5 16. Ne5 0-0 17. Ngf3 c5 18. c4 Ba6 19. Rd1 Nb6 20. dxc5 Qxc5 21. Nd3 Qf5 22. Be3 Bc7 23. 0-0 Bb7 24. Nc5 Bxf3 25. Qxf3 Qe5 26. Nd3 Qxh2# 0-1

[Event "HUN-chT2 Asztalos 1314"]
[Site "Hungary"]
[Date "2013.10.20"]
[Round "3"]
[White "Vince, Andrea"]
[Black "Gyugyi, Peter"]
[Result "1-0"]
[WhiteElo "2088"]
[BlackElo "2063"]
[PlyCount "119"]
[EventDate "2013.09.08"]
[EventType "team-tourn"]
[EventRounds "9"]
[EventCountry "HUN"]
[SourceTitle "EXT 2016"]
[Source "ChessBase"]
[SourceDate "2015.10.08"]
[SourceVersion "1"]
[SourceVersionDate "2015.10.08"]
[SourceQuality "1"]
[WhiteTeam "Decs 1990 II"]
[BlackTeam "Nagyatad"]
[WhiteTeamCountry "HUN"]
[BlackTeamCountry "HUN"]

1. d4 Nf6 2. c4 c5 3. d5 b5 4. cxb5 a6 5. b6 a5 6. Nc3 Ba6 7. g3 d6 8. Bg2 Nbd7 9. Nf3 g6 10. 0-0 Bg7 11. Ng5 Nxb6 12. f4 Ng4 13. f5 Bd4+ 14. Kh1 Ne3 15. Bxe3 Bxe3 16. Nce4 0-0 17. g4 Bc4 18. Qe1 h6 19. Qh4 Bxg5 20. Nxg5 hxg5 21. Qxg5 Qe8 22. Qh6 Bxe2 23. Rfe1 Bxg4 24. f6 exf6 25. Rxe8 Rfxe8 26. Qf4 Bf5 27. Qxd6 Nd7 28. Rf1 Rad8 29. Qg3 Re5 30. Re1 Rde8 31. Rxe5 fxe5 32. Kg1 e4 33. Kf2 e3+ 34. Ke2 c4 35. d6 Bd3+ 36. Ke1 Kg7 37. Bc6 Rd8 38. Bxd7 Rxd7 39. Qxe3 Rxd6 40. Qe5+ Rf6 41. Kd2 Bf5 42. Kc3 Be6 43. a3 g5 44. Qxg5+ Rg6 45. Qxa5 Kf6 46. Qc7 Rg8 47. a4 Rc8 48. Qd6 Ra8 49. a5 Kf5 50. a6 Ke4 51. a7 Bd5 52. Qb6 Ke5 53. Qc7+ Ke4 54. h4 f5 55. Qe7+ Kf3 56. Kd4 Be4 57. h5 Rh8 58. Qf7 f4 59. Ke5 Rh7 60. Qxf4+ 1-0

[Event "HUN-chT2 Asztalos 1112"]
[Site "Hungary"]
[Date "2012.05.20"]
[Round "11.10"]
[White "Gyugyi, Peter"]
[Black "Andrasofszky, Daniel"]
[Result "1-0"]
[WhiteElo "2050"]
[BlackElo "1729"]
[PlyCount "51"]
[EventDate "2011.09.25"]
[EventType "team-tourn"]
[EventRounds "11"]
[EventCountry "HUN"]
[SourceTitle "EXT 2013"]
[Source "ChessBase"]
[SourceDate "2012.11.22"]
[SourceVersion "1"]
[SourceVersionDate "2012.11.22"]
[SourceQuality "1"]
[WhiteTeam "Nagyatad"]
[BlackTeam "Dombovar"]
[WhiteTeamCountry "HUN"]
[BlackTeamCountry "HUN"]

1. e4 e5 2. f4 d5 3. exd5 exf4 4. Nf3 Nf6 5. Bb5+ Bd7 6. Bc4 Qe7+ 7. Kf1 Qc5 8. Qe2+ Be7 9. d4 Qd6 10. Qe5 0-0 11. Bb3 Qa6+ 12. Qe2 Qxe2+ 13. Kxe2 Bd6 14. c4 c6 15. c5 Bc7 16. d6 Ba5 17. Bxf4 Bg4 18. Nbd2 Re8+ 19. Kf1 Nbd7 20. Nc4 Bd8 21. Nce5 Bxf3 22. Bxf7+ Kf8 23. Bxe8 Nxe5 24. dxe5 Bxg2+ 25. Kxg2 Nd5 26. Bxc6 1-0

[Event "HUN-chT2 Asztalos 1112"]
[Site "Hungary"]
[Date "2012.05.06"]
[Round "10.10"]
[White "Mausz, Antal"]
[Black "Gyugyi, Peter"]
[Result "0-1"]
[WhiteElo "1795"]
[BlackElo "2050"]
[PlyCount "96"]
[EventDate "2011.09.25"]
[EventType "team-tourn"]
[EventRounds "11"]
[EventCountry "HUN"]
[SourceTitle "EXT 2013"]
[Source "ChessBase"]
[SourceDate "2012.11.22"]
[SourceVersion "1"]
[SourceVersionDate "2012.11.22"]
[SourceQuality "1"]
[WhiteTeam "Mohacs"]
[BlackTeam "Nagyatad"]
[WhiteTeamCountry "HUN"]
[BlackTeamCountry "HUN"]

1. e4 d6 2. d4 Nf6 3. Nc3 c6 4. Be2 g6 5. Be3 Bg7 6. f4 Qa5 7. Bf3 h5 8. h3 e5 9. Nge2 Nbd7 10. Qd2 b5 11. dxe5 dxe5 12. Qd6 Bb7 13. fxe5 Bf8 14. Qd2 Nxe5 15. 0-0 Rd8 16. Qc1 b4 17. Nd1 Ba6 18. Rf2 Nfd7 19. Nd4 c5 20. Nb3 Qc7 21. Bf4 f6 22. Bxe5 Nxe5 23. Qf4 Nxf3+ 24. Qxf3 Bg7 25. Ne3 0-0 26. Nd5 Qd6 27. Nf4 f5 28. Rd2 Qb6 29. Rxd8 c4+ 30. Qf2 Rxd8 31. Qxb6 axb6 32. Ne6 Rd7 33. Nxg7 Kxg7 34. Nc1 Rd1+ 35. Kf2 fxe4 36. Ke2 Rg1 37. Kf2 Rh1 38. a3 bxa3 39. Rxa3 Rxc1 40. Rxa6 Rxc2+ 41. Ke3 Rxb2 42. Kxe4 b5 43. g3 c3 44. Kd3 b4 45. Rb6 c2 46. Kd2 b3 47. Rc6 Rb1 48. Rc3 Rd1+ 0-1